000 00305nam a22001337a 4500
999 _c12604
_d12604
008 241218b 1984 ||||| |||| 00| 0 eng d
020 _a0113405863
082 _a363.37092
_bHMS
100 _aHMSO
245 _aManual of firemanship
260 _aLondon
_bHMSO
_c1984
300 _a161p.
942 _cBK